[Event "Oberliga Nord W 1617"]
[Site "Germany"]
[Date "2017.04.23"]
[Round "8.4"]
[White "Markgraf, Stefan"]
[Black "Ljubarskij, Jurij"]
[Result "0-1"]
[WhiteElo "2121"]
[BlackElo "2202"]
[PlyCount "116"]
[EventDate "2016.10.16"]
[EventType "team-tourn"]
[EventRounds "9"]
[EventCountry "GER"]
[SourceTitle "EXT 2018"]
[Source "ChessBase"]
[SourceDate "2017.10.13"]
[SourceVersion "1"]
[SourceVersionDate "2017.10.13"]
[SourceQuality "1"]
[WhiteTeam "Goettingen Tempo"]
[BlackTeam "Hannover"]
[WhiteTeamCountry "GER"]
[BlackTeamCountry "GER"]

1. e4 e5 2. Nf3 Nc6 3. Bb5 a6 4. Ba4 Nf6 5. d3 d6 6. c3 Be7 7. 0-0 0-0 8. Re1 b5 9. Bb3 Na5 10. Bc2 c5 11. Nbd2 Re8 12. Nf1 h6 13. Ne3 Bf8 14. Bd2 Nc6 15. Nd5 Nxd5 16. exd5 Ne7 17. c4 Bg4 18. b4 cxb4 19. Bxb4 Rc8 20. Bb3 a5 21. Bd2 Bd7 22. cxb5 Bxb5 23. d4 Ng6 24. dxe5 dxe5 25. Rc1 Bc5 26. a4 Ba6 27. Be3 Bb4 28. Rxc8 Qxc8 29. Bd2 Bc5 30. Qc2 Bb6 31. Qxc8 Bxc8 32. Bc3 f6 33. Nd2 Ba6 34. Bc4 Rc8 35. Bxa6 Rxc3 36. Ne4 Rc2 37. Rb1 Nf4 38. d6 f5 39. g3 fxe4 40. gxf4 Bxf2+ 41. Kf1 exf4 42. d7 Bh4 43. Rb8+ Kf7 44. d8Q Bxd8 45. Rxd8 e3 46. Be2 f3 47. Bxf3 Rf2+ 48. Ke1 Rxf3 49. Rd5 Rh3 50. Ke2 g5 51. Rxa5 Kg6 52. Re5 Rxh2+ 53. Kxe3 Ra2 54. Re4 h5 55. Rb4 h4 56. Kf3 Kh5 57. Rc4 g4+ 58. Ke3 h3 0-1

[Event "Hessen-ch Seniors op 12th"]
[Site "Bad Sooden-Allendorf"]
[Date "2016.05.03"]
[Round "4"]
[White "Ljubarskij, Jurij"]
[Black "Fleischer, Martin"]
[Result "1-0"]
[WhiteElo "2212"]
[BlackElo "1865"]
[PlyCount "41"]
[EventDate "2016.04.30"]
[EventType "swiss"]
[EventRounds "9"]
[EventCountry "GER"]
[SourceTitle "EXT 2019"]
[Source "ChessBase"]
[SourceDate "2018.10.10"]
[SourceVersion "1"]
[SourceVersionDate "2018.10.10"]
[SourceQuality "1"]

1. e4 e6 2. d4 d5 3. Nd2 Nd7 4. Ngf3 Be7 5. Bd3 dxe4 6. Nxe4 Ngf6 7. Ng3 a6 8. 0-0 b5 9. a4 b4 10. c4 a5 11. Re1 c6 12. Bf4 Nb6 13. Qe2 Bd7 14. b3 h6 15. Rac1 Kf8 16. Ne5 Be8 17. Be3 Nc8 18. Qf3 Na7 19. Rcd1 Qc8 20. Nh5 Nxh5 21. Ng6+ 1-0

[Event "GER-chT Seniors 24th"]
[Site "Berlin"]
[Date "2015.09.07"]
[Round "2.2"]
[White "Albrecht, Rainer"]
[Black "Ljubarskij, Jurij"]
[Result "0-1"]
[WhiteElo "2036"]
[BlackElo "2226"]
[PlyCount "96"]
[EventDate "2015.09.06"]
[EventType "team-swiss"]
[EventRounds "7"]
[EventCountry "GER"]
[SourceTitle "EXT 2018"]
[Source "ChessBase"]
[SourceDate "2017.10.13"]
[SourceVersion "1"]
[SourceVersionDate "2017.10.13"]
[SourceQuality "1"]

1. d4 d5 2. c4 c6 3. Nc3 Nf6 4. e3 e6 5. Nf3 Nbd7 6. Bd3 dxc4 7. Bxc4 b5 8. Bd3 a6 9. a4 Bb7 10. 0-0 b4 11. Ne4 Nxe4 12. Bxe4 Nf6 13. Bd3 c5 14. dxc5 Bxc5 15. Qe2 0-0 16. Rd1 Qe7 17. h3 Rfd8 18. Bd2 Ne4 19. Be1 e5 20. Nd2 Ng5 21. Nb3 Bb6 22. a5 Bc7 23. e4 Bd6 24. f3 Ne6 25. g3 Ng5 26. h4 Ne6 27. Bf2 Nc5 28. Nxc5 Bxc5 29. b3 Bd4 30. Bxd4 Rxd4 31. Bc4 Qc5 32. Kg2 Rad8 33. g4 g6 34. Rxd4 Rxd4 35. Ra2 Qd6 36. g5 Kg7 37. Kg3 Bc8 38. Rc2 Qd7 39. Qh2 h6 40. Bd5 Bb7 41. Kf2 f6 42. gxf6+ Kxf6 43. f4 Bxd5 44. fxe5+ Kg7 45. exd5 Qf5+ 46. Ke1 Rf4 47. Re2 Qb1+ 48. Kd2 Qb2+ 0-1

[Event "GER-chA Seniors 27th"]
[Site "Magdeburg"]
[Date "2015.08.20"]
[Round "6"]
[White "Ljubarskij, Jurij"]
[Black "Neumann, Joachim"]
[Result "1/2-1/2"]
[WhiteElo "2264"]
[BlackElo "2105"]
[PlyCount "92"]
[EventDate "2015.08.15"]
[EventType "swiss"]
[EventRounds "9"]
[EventCountry "GER"]
[SourceTitle "EXT 2018"]
[Source "ChessBase"]
[SourceDate "2017.10.13"]
[SourceVersion "1"]
[SourceVersionDate "2017.10.13"]
[SourceQuality "1"]

1. e4 c5 2. Nf3 Nc6 3. Bb5 e6 4. 0-0 Nge7 5. c3 a6 6. Ba4 b5 7. Bc2 d5 8. d4 cxd4 9. cxd4 Nb4 10. Nc3 Nxc2 11. Qxc2 Bb7 12. e5 Nc6 13. Be3 Be7 14. Rac1 Rc8 15. Qe2 0-0 16. Rfd1 Na5 17. b3 Ba3 18. Rc2 Bb4 19. Qd3 Be7 20. Rdc1 Ba3 21. Ng5 g6 22. Re1 Nc6 23. Nb1 Be7 24. Nf3 Nb4 25. Rxc8 Nxd3 26. Rxd8 Rxd8 27. Rd1 Nb4 28. Rc1 Rc8 29. Rxc8+ Bxc8 30. Nc3 Nc6 31. Kf1 Bb4 32. Nb1 a5 33. Bg5 Ba6 34. Ke2 a4 35. Bd2 Be7 36. Ke3 b4 37. Bc1 axb3 38. axb3 Na5 39. Nbd2 f6 40. exf6 Bxf6 41. Ne5 Bb5 42. f4 g5 43. g3 gxf4+ 44. gxf4 Kf8 45. Nd3 Bxd3 46. Kxd3 Bg7 1/2-1/2

[Event "Hessen-ch Seniors op 11th"]
[Site "Bad Sooden-Allendorf"]
[Date "2015.05.15"]
[Round "7"]
[White "Ljubarskij, Jurij"]
[Black "Selig, Rainer"]
[Result "1-0"]
[WhiteElo "2283"]
[BlackElo "2103"]
[PlyCount "81"]
[EventDate "2015.05.09"]
[EventType "swiss"]
[EventRounds "9"]
[EventCountry "GER"]
[SourceTitle "EXT 2018"]
[Source "ChessBase"]
[SourceDate "2017.10.13"]
[SourceVersion "1"]
[SourceVersionDate "2017.10.13"]
[SourceQuality "1"]

1. e4 d5 2. exd5 Nf6 3. Bb5+ Bd7 4. Bc4 b5 5. Bb3 Bg4 6. f3 Bc8 7. a4 b4 8. Qe2 Nxd5 9. Qe4 e6 10. c4 bxc3 11. dxc3 c6 12. Ne2 Na6 13. Bc2 Qb6 14. a5 Qc7 15. 0-0 Bd6 16. f4 g6 17. b4 0-0 18. Na3 Rd8 19. Nc4 Bf8 20. Ne5 Bg7 21. Qf3 Bb7 22. Be4 Rac8 23. Qf2 Nf6 24. Bf3 Nd7 25. Nxd7 Rxd7 26. Be3 Ba8 27. Rad1 Rcd8 28. Rxd7 Rxd7 29. b5 Nb8 30. b6 axb6 31. axb6 Qd8 32. Qe1 Rd3 33. Bf2 Nd7 34. Qb1 Rxf3 35. gxf3 Bb7 36. Rd1 Qe7 37. Qd3 Nf8 38. Qd6 Bf6 39. Bc5 Qxd6 40. Bxd6 Nd7 41. Be7 1-0

[Event "Oberliga Nord W 1415"]
[Site "Germany"]
[Date "2015.03.15"]
[Round "8.8"]
[White "Wall, Max"]
[Black "Ljubarskij, Jurij"]
[Result "0-1"]
[WhiteElo "1958"]
[BlackElo "2293"]
[PlyCount "40"]
[EventDate "2014.09.22"]
[EventType "team-tourn"]
[EventRounds "9"]
[EventCountry "GER"]
[SourceTitle "EXT 2016"]
[Source "ChessBase"]
[SourceDate "2015.10.08"]
[SourceVersion "1"]
[SourceVersionDate "2015.10.08"]
[SourceQuality "1"]
[WhiteTeam "Lister Turm"]
[BlackTeam "Hannover"]
[WhiteTeamCountry "GER"]
[BlackTeamCountry "GER"]

1. Nf3 d5 2. c4 c6 3. e3 Nf6 4. Nc3 e6 5. Qc2 Bd6 6. b3 0-0 7. Bb2 Re8 8. Rg1 dxc4 9. bxc4 e5 10. Bd3 Na6 11. Ne4 Nb4 12. Nxf6+ Qxf6 13. Bxh7+ Kh8 14. Qe4 g6 15. c5 Bxc5 16. Bxg6 fxg6 17. Nxe5 Kh7 18. Ng4 Qxb2 19. Qxe8 Qxa1+ 20. Ke2 Bxg4+ 0-1

[Event "Oberliga Nord W 1415"]
[Site "Germany"]
[Date "2015.01.18"]
[Round "5.7"]
[White "Roehrich, Stefan"]
[Black "Ljubarskij, Jurij"]
[Result "0-1"]
[WhiteElo "2134"]
[BlackElo "2264"]
[PlyCount "164"]
[EventDate "2014.09.22"]
[EventType "team-tourn"]
[EventRounds "9"]
[EventCountry "GER"]
[SourceTitle "EXT 2016"]
[Source "ChessBase"]
[SourceDate "2015.10.08"]
[SourceVersion "1"]
[SourceVersionDate "2015.10.08"]
[SourceQuality "1"]
[WhiteTeam "Hellern"]
[BlackTeam "Hannover"]
[WhiteTeamCountry "GER"]
[BlackTeamCountry "GER"]

1. e4 e5 2. Nf3 Nc6 3. Bb5 a6 4. Ba4 Nf6 5. d4 exd4 6. 0-0 Be7 7. Re1 0-0 8. e5 Ne8 9. Bf4 d6 10. Bxc6 bxc6 11. Nxd4 Bd7 12. Qd3 d5 13. Nc3 Bc5 14. Nb3 Be7 15. Nd4 Qc8 16. Rad1 Rb8 17. b3 g6 18. Nce2 Ng7 19. Bh6 Re8 20. Nf4 Nf5 21. Nxf5 Bxf5 22. Qc3 Bb4 23. Qxc6 Rb6 24. Qxd5 Bxe1 25. Rxe1 Qd8 26. Qxd8 Rxd8 27. c4 Be6 28. Bg5 Rd7 29. h4 a5 30. h5 a4 31. Re3 axb3 32. axb3 Rb8 33. hxg6 hxg6 34. Bf6 c6 35. Ne2 Bf5 36. Kh2 Rd3 37. Rxd3 Bxd3 38. Nd4 c5 39. Nb5 Bc2 40. Be7 Bxb3 41. Bxc5 Bxc4 42. Nd6 Bd5 43. Be3 Kf8 44. Bf4 Rb4 45. Bh6+ Ke7 46. Bg5+ Ke6 47. Bf6 Rf4 48. Ne8 Bc6 49. Kg3 Ra4 50. Ng7+ Kd5 51. f3 Ra2 52. Kh3 Bd7+ 53. Kg3 Re2 54. f4 Ke4 55. Bg5 Kd3 56. Bf6 Ra2 57. Be7 Bc6 58. f5 Rxg2+ 59. Kh3 gxf5 60. Nxf5 Re2 61. Ng3 Rxe5 62. Bf6 Re6 63. Bd8 Ke3 64. Bg5+ Kf3 65. Nf5 Re5 66. Nh4+ Kf2 67. Kg4 Rb5 68. Kf4 Bd7 69. Be7 Ke2 70. Ke4 Kd2 71. Bd8 Kc3 72. Bf6+ Kc4 73. Be7 Rb1 74. Bg5 Re1+ 75. Be3 f5+ 76. Kf4 Kd3 77. Bc5 Re4+ 78. Kg3 Rg4+ 79. Kh3 f4 80. Bf2 Ke2 81. Ba7 Rg3+ 82. Kh2 Rh3+ 0-1

[Event "Oberliga Nord W 1415"]
[Site "Germany"]
[Date "2014.11.09"]
[Round "3.7"]
[White "Hoellmann, Ludger"]
[Black "Ljubarskij, Jurij"]
[Result "0-1"]
[WhiteElo "2175"]
[BlackElo "2258"]
[PlyCount "96"]
[EventDate "2014.09.22"]
[EventType "team-tourn"]
[EventRounds "9"]
[EventCountry "GER"]
[SourceTitle "EXT 2016"]
[Source "ChessBase"]
[SourceDate "2015.10.08"]
[SourceVersion "1"]
[SourceVersionDate "2015.10.08"]
[SourceQuality "1"]
[WhiteTeam "Nordhorn Blanke"]
[BlackTeam "Hannover"]
[WhiteTeamCountry "GER"]
[BlackTeamCountry "GER"]

1. d4 d5 2. c4 c6 3. Nf3 Nf6 4. Nc3 e6 5. Bg5 Nbd7 6. cxd5 exd5 7. Qc2 Bd6 8. e3 h6 9. Bh4 0-0 10. Bd3 Re8 11. 0-0 Nf8 12. Bg3 Bxg3 13. hxg3 Qe7 14. Rab1 Ne6 15. b4 Ng5 16. Rfc1 Ng4 17. Re1 Ne4 18. Bxe4 dxe4 19. Nh2 Nf6 20. Nf1 Bd7 21. Nd2 Rac8 22. Rec1 Qe6 23. Qd1 Qf5 24. Ne2 b6 25. Nf4 g5 26. Ne2 Ng4 27. Qe1 Re6 28. Nc3 Rce8 29. Qe2 Rf6 30. Nd1 h5 31. Rb2 Rh6 32. f3 exf3 33. gxf3 Nf6 34. e4 g4 35. Rc3 Qe6 36. Qe3 Rg6 37. Nf2 Nd5 38. Qd3 Nxc3 39. Qxc3 gxf3 40. Qxf3 Qd6 41. Nf1 Bg4 42. Qc3 h4 43. e5 Qd5 44. Rb3 Be2 45. g4 Bxg4 46. Kh2 Bd1 47. Ne3 Qf3 48. Neg4 Qf4+ 0-1

[Event "Schleswig Holstein-ch Seniors op"]
[Site "Buesum"]
[Date "2014.09.25"]
[Round "1"]
[White "Ljubarskij, Jurij"]
[Black "Hansch, Klaus Michael"]
[Result "1-0"]
[WhiteElo "2252"]
[BlackElo "1926"]
[PlyCount "65"]
[EventDate "2014.09.25"]
[EventType "swiss"]
[EventRounds "9"]
[EventCountry "GER"]
[SourceTitle "EXT 2018"]
[Source "ChessBase"]
[SourceDate "2017.10.13"]
[SourceVersion "1"]
[SourceVersionDate "2017.10.13"]
[SourceQuality "1"]

1. e4 d5 2. exd5 Nf6 3. Bb5+ Bd7 4. Bc4 Bg4 5. f3 Bc8 6. Nc3 Nbd7 7. d3 Nb6 8. Nge2 Nbxd5 9. 0-0 g6 10. Ng3 Bg7 11. Qe2 0-0 12. Bd2 c6 13. Kh1 Re8 14. Rfe1 Qc7 15. Nge4 Nf4 16. Qf2 b5 17. Bb3 a5 18. a3 a4 19. Ba2 Bb7 20. Rab1 Rad8 21. Nxf6+ Bxf6 22. Be3 Nd5 23. Bxd5 cxd5 24. Bb6 Qd7 25. Bxd8 Rxd8 26. d4 Ba6 27. Na2 Qa7 28. c3 e5 29. Nb4 Bb7 30. Rbd1 exd4 31. Nc2 Qb8 32. Nxd4 Bc8 33. Nc6 1-0

[Event "Klatovy op"]
[Site "Klatovy"]
[Date "2014.06.30"]
[Round "3"]
[White "Ljubarskij, Jurij"]
[Black "Toman, Ondrej"]
[Result "1/2-1/2"]
[WhiteElo "2285"]
[BlackElo "2170"]
[PlyCount "56"]
[EventDate "2014.06.28"]
[EventType "swiss"]
[EventRounds "9"]
[EventCountry "CZE"]
[SourceTitle "CBM 161 Extra"]
[Source "ChessBase"]
[SourceDate "2014.08.29"]
[SourceVersion "1"]
[SourceVersionDate "2014.08.29"]
[SourceQuality "1"]

1. d4 c6 2. c4 d5 3. Nf3 Nf6 4. Nc3 e6 5. Bg5 h6 6. Bh4 Be7 7. e3 0-0 8. Bd3 Nbd7 9. 0-0 dxc4 10. Bxc4 b5 11. Bd3 a6 12. Qe2 c5 13. dxc5 Nxc5 14. Bc2 Nd5 15. Nxd5 Bxh4 16. Nxh4 Qxd5 17. Rfd1 Qg5 18. Nf3 Qe7 19. b4 Nd7 20. a4 bxa4 21. Rxa4 Bb7 22. Bd3 Bxf3 23. gxf3 Nb6 24. Rxa6 Rxa6 25. Bxa6 Qxb4 26. Qb5 Qxb5 27. Bxb5 Nd5 28. Bc6 Nf6 1/2-1/2

[Event "Hessen-ch Seniors op 10th"]
[Site "Bad Sooden-Allendorf"]
[Date "2014.05.02"]
[Round "7"]
[White "Szenetra, Werner"]
[Black "Ljubarskij, Jurij"]
[Result "1/2-1/2"]
[WhiteElo "2193"]
[BlackElo "2275"]
[PlyCount "70"]
[EventDate "2014.04.26"]
[EventType "swiss"]
[EventRounds "9"]
[EventCountry "GER"]
[SourceTitle "EXT 2018"]
[Source "ChessBase"]
[SourceDate "2017.10.13"]
[SourceVersion "1"]
[SourceVersionDate "2017.10.13"]
[SourceQuality "1"]

1. Nf3 d5 2. g3 Bg4 3. Bg2 Nf6 4. d3 Nc6 5. Nbd2 e5 6. h3 Bf5 7. c4 dxc4 8. Nxc4 e4 9. Nfe5 Bb4+ 10. Bd2 Bxd2+ 11. Qxd2 Nxe5 12. Nxe5 exd3 13. 0-0 dxe2 14. Qxe2 0-0 15. Bxb7 Bxh3 16. Rfe1 Re8 17. Bxa8 Qxa8 18. Qf3 Qb8 19. g4 c5 20. Qxh3 Rxe5 21. Rxe5 Qxe5 22. Qg3 Qxb2 23. Rd1 h6 24. Qb3 Qe5 25. Qg3 Qe6 26. g5 Ne4 27. g6 fxg6 28. Rd8+ Kh7 29. Qb8 Qg4+ 30. Kf1 Qh3+ 31. Ke2 Nc3+ 32. Kd2 Ne4+ 33. Ke2 Nc3+ 34. Kd2 Ne4+ 35. Ke2 Nc3+ 1/2-1/2